For Bhaisa’ab Taskeen ko hum na royen (Record no. 521660)

000 -LEADER
fixed length control field 00370nam a22001337a 4500
008 - FIXED-LENGTH DATA ELEMENTS--GENERAL INFORMATION
fixed length control field 230221b ||||| |||| 00| 0 eng d
100 ## - MAIN ENTRY--PERSONAL NAME
Personal name Ahmad, Aijaz
245 ## - TITLE STATEMENT
Title For Bhaisa’ab Taskeen ko hum na royen
260 ## - PUBLICATION, DISTRIBUTION, ETC. (IMPRINT)
Place of publication, distribution, etc Social Scientist
300 ## - PHYSICAL DESCRIPTION
Extent 50(3-4), Mar-Apr, 2022: p.71-74
773 ## - HOST ITEM ENTRY
Main entry heading Social Scientist
906 ## - LOCAL DATA ELEMENT F, LDF (RLIN)
Subject DIP SOCIAL CHANGE
942 ## - ADDED ENTRY ELEMENTS (KOHA)
Item type Articles
Holdings
Withdrawn status Lost status Source of classification or shelving scheme Damaged status Not for loan Permanent location Current location Date acquired Serial Enumeration / chronology Barcode Date last seen Koha item type
          Indian Institute of Public Administration Indian Institute of Public Administration 2023-02-21 50(3-4), Mar-Apr, 2022: p.71-74 AR128042 2023-02-21 Articles

Powered by Koha